000 00877nam a2200265Ia 4500
003 OSt
005 20221005111253.0
006 a|||||r|||| 00| 0
007 ta
008 221004b |||||||| |||| 00| 0 hin d
020 _a8141831057 (hbk)
_c150
024 _a11851
037 _b334, 20/03/2014, Vani Prakashan
_cTextual
040 _aCRL
_cCRL
_bhin
041 _2hin
_ahin
082 _aO152,3N40x, P4;P9
100 _aकालिया, ममता
245 0 _aनिर्मोही
246 _aNirmohī
260 _aनई दिल्ली
_bवाणी प्रकाशन भारत
_c2009
300 _a117पृ0
_ccm.
650 _aहिन्दी साहित्य
942 _hO152,3N40x, P4;P9
_cTEXL
_2cc
999 _c1021323
_d1021323